Dzielnice Żar - Statystyki

Ogólne statystyki
  • Ten quiz został rozwiązany 11 razy
  • Średni wynik to 4 z 9
Statystyki odpowiedzi
Odpowiedź % Poprawnych
Koszary
75%
Zatorze
75%
Lotnisko
50%
Os. Lotnisko
50%
Śródmieście
50%
Os. Moniuszki
25%
Os. Na Zatorzu
25%
Os. Odbudowane
25%
Os. Sportowe
25%
Nie znaleziono quizów pasujących do podanych kryteriów
Rozkład punktacji
Procent ludzi z każdym wynikiem
Percentyl według liczby udzielonych odpowiedzi
Twoja historia wyników
Nie rozwiązałeś tego quizu